| 000 | 00741nam a22002537a 4500 | ||
|---|---|---|---|
| 003 | UA-OsUOA | ||
| 001 | 25912 | ||
| 007 | ta | ||
| 008 | 20040429b un ||||| |||| 00| 0 ukr d | ||
| 100 | _aБолтівець С.І. | ||
| 090 |
_a37.015.3 _bБ79 |
||
| 942 | _cBK | ||
| 040 |
_aUA-OsUOA _bukr _cUA-OsUOA _dUA-OsUOA |
||
| 245 |
_aПедагогічна психогігієна: теорія та методика _bМонографія |
||
| 300 | _a302 с. | ||
| 955 | _a0 | ||
| 041 | _aukr | ||
| 080 | _a37.015.3 | ||
| 020 | _a966-7396-02-9 | ||
| 260 |
_aКиїв _bРедакція "Бюлетеня Вищої атестаційної комісії України" _c2000 |
||
| 044 | _aUA | ||
| 650 | 7 | _2UDC | |
| 999 |
_c312217 _d312217 |
||